000 00306nam a22001217a 4500
008 160430b xxu||||| |||| 00| 0 eng d
020 _a9780534406745
020 _a0534406742
041 _aeng
080 _a612.39
245 _aNutrition concepts and controversies:
_cJana R. Kicklighter;
942 _2udc
_cBK
999 _c1719
_d1719